[Event "Chess Super League 2021"]
[Site "Online"]
[Date "2021.10.13"]
[Round "3.2"]
[White "Sasikiran, Krishnan"]
[Black "Sethuraman, S.P."]
[Result "0-1"]
[WhiteElo "2640"]
[BlackElo "2620"]
[Annotator "TA"]
[PlyCount "110"]
[EventDate "2021.10.11"]
[EventType "team-tourn"]
[EventCountry "NET"]
[SourceTitle "playchess.com"]
[Source "ChessBase"]
[SourceQuality "1"]

{[%evp 11,110,23,18,2,16,22,12,0,0,0,0,0,0,0,0,-9,19,20,33,30,98,93,141,135,130,136,255,183,171,185,213,187,186,160,314,310,333,227,395,391,567,562,450,0,0,0,0,-19,0,0,151,142,131,148,140,-195,-147,-176,-166,-176,-166,-204,-203,-203,-209,-235,-224,-282,-262,-271,-231,-218,-223,-229,-218,-360,-300,-286,-267,-344,-352,-510,-511,-442,-391,-375,-369,-500,-462,-439,-429,-708,-708,-985,-554,-29977,-29978,-29978,-29979,-29978,-29979]} 1. d4 d5 2. c4 e6 3. Nf3 Nf6 4. Nc3 Bb4 5. Qa4+ Nc6 6. e3 O-O 7. Qc2 {D38: Queen's Gambit Declined: Ragozin Defence (4 Nf3 Bb4).} Na5 $5 {[%mdl 4] [#] Leaves trodden paths.} 8. cxd5 $146 ({Predecessor:} 8. c5 b6 9. Bd2 bxc5 10. a3 Bxc3 11. Bxc3 Nc6 12. dxc5 Ne4 13. Be2 Nxc3 14. Qxc3 a5 {1-0 (61) Santos Ruiz,M (2560)-Bluebaum,M (2643) chess24.com INT 2019}) 8... exd5 9. a3 {The position is equal.} Bxc3+ 10. Qxc3 Nc6 11. Bd3 Ne4 12. Qc2 Re8 13. b4 Bg4 14. Bb2 Bxf3 15. gxf3 Ng5 (15... Nf6 $11 {remains equal.}) 16. O-O-O $16 Nxf3 17. Bxh7+ Kh8 {Black wants to play ...g6.} 18. h4 $1 Qf6 (18... Re6 $16) 19. Bf5 g6 20. Bd3 Nxh4 21. Kb1 Kg7 22. e4 Nf3 $2 (22... Rh8 $16 23. b5 (23. exd5 Ne7 $14) 23... Ne7) 23. exd5 $18 Ne7 24. Be4 ({Less strong is} 24. Qxc7 Nxd5 25. Qg3 (25. Qxb7 Nd2+ {[%mdl 64] Discovered Attack} 26. Rxd2 Qf3 $11) 25... Rad8 $14) 24... Nc8 $2 (24... Qf4 25. Bc1 Qg4) 25. d6 Nxd6 {[#]} (25... Rxe4 $142 26. Qxe4 Nxd6) 26. d5 $1 Ne5 27. Bg2 $2 (27. Bd3 $18) 27... Ndc4 $11 28. f4 Qxf4 29. Bc1 Qg4 30. Bf1 Qf5 $2 {[#]} ({Black should play} 30... b5 $11) 31. Qxf5 $1 $16 gxf5 {[#]} 32. Rg1+ $1 Kf8 33. Rd4 $2 {[%mdl 8192] Loses the game.} (33. Re1 $16 f4 34. Bxf4) 33... Nd6 {White must now prevent ...Nf3.} 34. Rf4 Ng6 35. Rf2 Re1 36. Kb2 Rae8 37. Bh6+ Ke7 38. Bg5+ Kd7 39. Rgg2 Rd1 40. Bd2 {If White can now play Kc2 this consolidates a bit.} Ne4 41. Bb5+ c6 42. dxc6+ bxc6 43. Ba4 (43. Bd3 $142 Nxf2 44. Bxf5+ Kc7 45. Rxf2) 43... Nxf2 $19 ({Weaker is} 43... Rxd2+ 44. Rxd2+ Nxd2 45. Rxd2+ Kc7 46. Bc2 $17) 44. Rxf2 Rg1 45. Bc3 f4 46. Bd4 (46. b5 {was necessary.}) 46... Rge1 47. Rc2 R8e2 {Hoping for ...Ne5.} 48. Bxc6+ Kc7 {Threatens to win with ...Rxc2+.} 49. b5 Ne5 50. Bxe5+ Rxe5 {KRR-KRB} 51. Kb3 (51. Rc4 $142) 51... Kb6 52. a4 f3 {...R5e2 is the strong threat.} 53. Kb4 Rb1+ {Black mates.} 54. Ka3 Re3+ 55. Ka2 Rbe1 {Weighted Error Value: White=0.61/Black=0.37} 0-1

[Event "Chess Super League 2021"]
[Site "Online"]
[Date "2021.10.13"]
[Round "3.2"]
[White "Gomes, Mary Ann"]
[Black "Dzagnidze, Nana"]
[Result "0-1"]
[WhiteElo "2354"]
[BlackElo "2524"]
[Annotator "TA"]
[PlyCount "174"]
[EventDate "2021.10.11"]
[EventType "team-tourn"]
[EventCountry "NET"]
[SourceTitle "playchess.com"]
[Source "ChessBase"]
[SourceQuality "1"]

{[%evp 9,174,14,15,0,0,0,0,-12,13,0,22,25,25,20,29,27,23,-4,10,12,10,-15,8,8,12,13,30,30,25,23,29,23,39,27,26,25,30,29,28,0,50,48,50,4,10,7,8,-114,-125,-222,-212,-212,-205,-209,-209,-214,-201,-191,-153,-172,-168,-164,-155,-158,-157,-162,-121,-209,-192,-170,0,-180,-75,-111,-89,-115,-64,-69,-82,-287,-281,-272,-270,-358,-351,-443,-434,-461,-270,-265,-212,-253,-253,-477,-477,-410,-376,-477,-477,-628,-477,-1009,-550,-464,-212,-187,-187,-453,-451,-1960,-725,-29969,-29970,-29968,-29967,-29939,-8,-8,-8,-8,-8,-8,-8,-8,-8,-8,-8,-8,-8,-8,-8,-165,-8,-12,-16,-15,-8,-8,-8,-15,-24,-41,-41,-29972,-56,-56,-8,-29976,-29978,-29982,-29983,-29983,-29984,-29984,-29985,-29985,-29979,-29985,-29986,-29986,-29987,-29987,-29988,-29988,-29989,-29989,-29990]} 1. Nf3 d5 2. g3 c6 3. Bg2 Bg4 4. c4 e6 5. cxd5 exd5 6. Qb3 {A11: English Opening: 1...c6.} Qb6 7. Qc2 Nf6 8. O-O {The position is equal.} Nbd7 9. d3 Bd6 {is the legacy move (9...Be7).} 10. Nc3 O-O 11. e4 Rfe8 12. Be3 Qa6 {[#]} 13. h3 $146 ({Predecessor:} 13. Nd4 dxe4 14. dxe4 Rad8 15. h3 Be6 16. Nxe6 Rxe6 17. Rad1 Rde8 18. f4 Bc5 19. Bxc5 Nxc5 {1-0 (28) Shimanov,A (2587)-Tenikashvili,G (2337) Sochi 2019}) 13... Bxf3 14. Bxf3 {[%cal Re4d5]} Rac8 15. Be2 Qa5 16. f4 dxe4 17. dxe4 Bc5 18. Bf2 Bxf2+ 19. Rxf2 Nc5 {[%cal Rc5e4]} 20. Bf3 Ne6 21. Rd1 Red8 22. Rfd2 Rxd2 23. Rxd2 Rd8 24. e5 Nd5 25. Nxd5 cxd5 26. f5 Qb6+ 27. Kg2 Nd4 28. Qd1 (28. Qd3 $11 {remains equal.} Nxf3 29. Qxf3) 28... Nxf5 $17 {Threatens to win with ...Ne3+.} 29. Kh2 (29. Qb3 $17 {is the only way for White.}) 29... Qe3 30. Rxd5 {[%cal Rd5d8]} Qf2+ 31. Bg2 {[%cal Rd5d8]} Qxg3+ 32. Kh1 {[%cal Rd5d8]} Rxd5 33. Qxd5 {[%cal Rd5d8]} g6 34. e6 Qe1+ 35. Kh2 fxe6 36. Qxb7 Qe5+ 37. Kg1 a5 38. a3 (38. Qc8+ $17 Kf7 39. Qb7+ Kg8 40. Qc8+ Kg7 41. Qd7+ Kh6 42. Qd2+ g5 43. a3) 38... Qd4+ 39. Kh2 Qe5+ 40. Kg1 Nd4 (40... Qe1+ $19 {and Black stays clearly on top.} 41. Kh2 Qg3+ 42. Kg1 Qe3+ 43. Kh2 Qg3+ 44. Kg1 Qe3+ 45. Kh2 Qf4+ 46. Kg1 Qd4+ 47. Kh2 Qf4+ 48. Kg1 Nd4) 41. Qe4 Qc5 {Hoping for ...Ne2+.} ({Of course not} 41... Ne2+ $6 42. Kf2 $11) 42. Kh2 Kg7 (42... Qb6 $17 {And now ...Qb8+ would win.} 43. Qa8+ Kg7 44. Qb7+ Qxb7 45. Bxb7 Kf6) 43. b4 $1 $15 {[%cal Rb4c5]} axb4 44. axb4 (44. Qb7+ $17 {was forced.} Kh6 45. Qxb4 Qc7+ 46. Kh1 Qc1+ 47. Kh2 Qf4+ 48. Kh1) 44... Qxb4 $19 45. Qe5+ Kg8 46. h4 Qd2 47. Qf6 Qe3 48. h5 Nf5 (48... g5 $142 49. Bh3 Nf5) 49. hxg6 {Threatening mate with Qf7+.} Qg3+ 50. Kg1 {White threatens Qf7+ and mate.} Qxg6 51. Qd8+ (51. Qxg6+ hxg6 52. Kf2) 51... Kg7 52. Qc7+ Kh6 53. Qh2+ Kg5 54. Be4 h5 55. Qd2+ (55. Kh1 $142 Kh6 56. Bf3) 55... Kf6+ 56. Bg2 Qg4 (56... Qg8 $142 57. Qb2+ e5 58. Qb6+ Kg5) 57. Qd8+ Kf7 58. Qc7+ $2 (58. Qd7+ Ne7 59. Kh1) 58... Kg6 59. Qc2 (59. Qd8 $142 Qe2 60. Qg8+ Kh6 61. Kh1) 59... h4 60. Qd3 Qd4+ 61. Qxd4 Nxd4 {[%mdl 4096] Endgame KB-KN} 62. Kf2 Nf5 $2 (62... e5 63. Ke3 Ne6 64. Ke4 Kf6 65. Kf3 Nf4 66. Bh1 Kf5 67. Kf2 Nh3+ 68. Kg2 Kg4 69. Kf1 Kg3 70. Ke2 Nf2 71. Bb7 h3 72. Ke3 h2 73. Bc6 e4 74. Bd5 h1=Q 75. Kd4 Qd1+ 76. Ke5 e3 77. Bc4 Nd3+ 78. Kf5 e2 79. Kf6 e1=Q 80. Be6 Qf3+ 81. Bf5 Qe8 82. Kg7 Qxf5 83. Kh6 Qh8#) 63. Kf3 $11 Kg5 {White must now prevent ...e5.} 64. Bh3 Kf6 {aiming for ...Nh6.} (64... e5 $5 65. Ke4 $8 {[%mdl 64] Double Attack} Nh6 $11) 65. Ke4 Ne7 {next ...e5 is good for Black.} 66. Kf4 e5+ 67. Ke4 Ng6 {Strongly threatening ...Nf4.} 68. Kf3 Nf4 69. Bc8 h3 {( -> ...h2)} (69... Ne6 $5 70. Kg4 $8 e4 $11) 70. Kg3 $2 {[#]} (70. Bb7 $1 $11 {and White is okay.}) 70... Ke7 $2 (70... e4 $1 $19 {...Ke5 is the strong threat.} 71. Bd7 Ke5) 71. Bb7 Kd6 {White should prevent ...Kc5.} 72. Kf3 Ke6 73. Be4 Kd7 {With the idea ...Kd6.} 74. Kg3 Kd6 75. Kf3 Kc5 76. Ke3 $2 {[%mdl 8192]} (76. Ba8 $15) 76... Kc4 $2 (76... Ne6 {mates} 77. Bd3 Ng5 78. Bf1 Kd5 79. Ba6 e4 80. Kf2 Kd4 81. Bf1 e3+ 82. Kg3 Kc3 83. Bb5 Kd2 84. Kf4 e2 $1 85. Bxe2 Kxe2 86. Kg3 Ke3 87. Kh2 Kf3 88. Kh1 Ne4 89. Kg1 Nf2 90. Kh2 Kf4 91. Kg1 Kg3 92. Kf1 h2 93. Ke2 h1=Q 94. Kd2 Qc6 95. Ke3 Qc3+ 96. Ke2 Qd3+ 97. Ke1 Qd1#) 77. Bf3 $15 Kc3 78. Ke4 $2 {[%mdl 8192]} (78. Bg4 $11) 78... Kd2 $1 {Black mates.} 79. Kxe5 Ke3 80. Bh1 {[#]} Ng2 $1 81. Kf5 {[#]} Kf3 $1 82. Kg5 Kg3 83. Kh5 h2 ({Stronger than} 83... Kh2 84. Kg4 $11) 84. Kg5 Kf2 85. Kg4 Kg1 86. Kg3 Kxh1 87. Kf2 {[#]} Ne3 $1 {Weighted Error Value: White=0.60/Black=0.30} 0-1

[Event "Chess Super League 2021"]
[Site "Online"]
[Date "2021.10.13"]
[Round "3.2"]
[White "Soumya, Swaminathan"]
[Black "Muzychuk, Mariya"]
[Result "0-1"]
[WhiteElo "2351"]
[BlackElo "2536"]
[Annotator "TA"]
[PlyCount "68"]
[EventDate "2021.10.11"]
[EventType "team-tourn"]
[EventCountry "NET"]
[SourceTitle "playchess.com"]
[Source "ChessBase"]
[SourceQuality "1"]

{[%evp 15,68,5,16,2,20,2,40,39,35,32,59,40,43,36,37,10,19,-13,0,-14,-10,-14,0,-22,0,0,0,0,0,-33,0,-19,116,138,112,-191,-191,-457,-456,-451,-437,-570,-553,-637,-629,-629,-630,-622,-621,-615,-608,-770,-711,-658,-483]} 1. e4 c5 2. Nf3 e6 3. d3 Nc6 4. g3 Nf6 5. Bg2 d6 6. O-O Be7 7. Re1 O-O 8. c3 e5 9. a3 {[#] B30: Sicilian: 2...Nc6 3 Bb5, lines without ...g6.} Be6 $146 ({Predecessor:} 9... Re8 10. Nbd2 Bf8 11. b4 a6 12. Nb3 h6 13. h3 Be6 14. Be3 c4 15. dxc4 Bxc4 16. Nfd2 Be6 {1-0 (40) Saric,I (2652)-Meskovs,N (2489) Tallinn 2016}) 10. b4 b6 11. b5 {White is slightly better.} Na5 12. c4 Nb7 13. Nc3 a6 14. Rb1 axb5 15. Rxb5 Na5 16. Qc2 Nc6 17. Qb1 Nd7 18. Nd5 Ra6 19. h3 f5 20. Nxe7+ Qxe7 21. exf5 Bxf5 22. Bg5 Qf7 23. Be3 {aiming for Ng5.} Na5 {[#]} (23... Rxa3 $2 24. Ng5 $18) (23... Qf6 $11) 24. g4 $1 $16 {[%cal Rg4f5]} Bg6 25. Nxe5 $2 {[%mdl 8192] This costs White the game.} Nxe5 $19 ({Don't go for} 25... dxe5 $2 26. Bd5 $18) 26. Bd5 (26. Rxa5 Bxd3 {[%mdl 64] Double Attack} 27. Qd1 Rxa5 28. Bd5 Qxd5 {[%mdl 64] Remove Defender} 29. cxd5 Nf3+ {[%mdl 64] Double Attack} 30. Kg2) 26... Qxd5 $1 {Black is clearly winning.} ({Not} 26... Nf3+ 27. Kf1 $11 (27. Kh1 Qxd5 28. cxd5 Nxe1 $15)) 27. cxd5 Bxd3 {[%mdl 64] [#] Double Attack} 28. Rxb6 Bxb1 29. Rxa6 Nf3+ {[%mdl 64] Double Attack} 30. Kh1 Nxe1 31. Rxa5 Be4+ 32. Kg1 Bxd5 33. Kf1 Nf3 34. Ke2 Ng1+ {Weighted Error Value: White=0.47/Black=0.17} 0-1

[Event "Chess Super League 2021"]
[Site "Online"]
[Date "2021.10.13"]
[Round "3.2"]
[White "Mrudul Dehankar"]
[Black "Arpita, Mukherjee"]
[Result "0-1"]
[WhiteElo "2256"]
[BlackElo "2229"]
[Annotator "TA"]
[PlyCount "90"]
[EventDate "2021.10.11"]
[EventType "team-tourn"]
[EventCountry "NET"]
[SourceTitle "playchess.com"]
[Source "ChessBase"]
[SourceQuality "1"]

{[%evp 9,90,12,13,12,26,0,24,18,24,23,24,29,30,29,27,22,38,33,25,14,19,-85,0,0,0,0,-1,-145,0,0,0,-10,0,0,43,33,31,33,47,-53,-54,-70,-64,-162,-151,-157,-162,-310,-206,-204,-111,-100,-101,-112,-61,-443,-437,-447,-441,-418,-448,-415,-427,-618,-611,-792,-340,-960,-936,-12834,-12834,-12831,-12832,-12831,-12832,-29972,-29973,-2325,-2252,-29973,-12839,-12838,-12839]} 1. d4 Nf6 2. Bf4 d5 3. e3 c5 4. Nf3 Nc6 5. Nbd2 cxd4 6. exd4 {D02: 1 d4 d5 2 Nf3 sidelines, including 2...Nf6 3 g3 and 2...Nf6 3 Bf4.} Bf5 7. c3 e6 8. Qb3 {White has an edge.} Qc8 9. Nh4 Be4 10. Nxe4 dxe4 11. g3 Be7 12. Ng2 O-O {12...0-0 has lost popularity.} 13. Be2 Nd5 {[#]} 14. Be3 $146 ({Predecessor:} 14. Bd2 Qd7 15. f3 exf3 16. Bxf3 Na5 17. Qc2 Nc4 18. O-O {½-½ (18) Sedlak,N (2581)-Perunovic,M (2618) Hungary 2014}) 14... Rd8 15. c4 (15. Rd1 $11 {keeps the balance.}) 15... Nxe3 (15... Nb6 $17 16. c5 Nd5) 16. fxe3 $11 Bb4+ 17. Kf2 a5 18. Rhf1 {[#]} (18. a3 $11 Be7 19. Rad1) 18... e5 (18... Rxd4 $1 $17 {[%mdl 512] ...Rd2 is the strong threat.} 19. exd4 Nxd4) 19. d5 Ne7 20. Kg1 Bc5 21. Qc3 Ng6 22. Qc2 f5 23. Kh1 Rf8 24. Qd1 (24. g4 $14) 24... Qd8 $15 25. Qe1 Qg5 26. Bd1 ({White should try} 26. Rd1 $15) 26... f4 $1 $19 27. exf4 exf4 28. Qxe4 (28. gxf4 $142 Nxf4 29. Nxf4 Rxf4 30. Rxf4 Qxf4 31. Be2) 28... fxg3 {[%cal Rf8f1]} 29. Bg4 {[#]} Bf2 (29... Qh6 $1 $19 {[%csl Gg3][%cal Rh6h2]} 30. h3 Kh8) 30. Be6+ $17 Kh8 31. Qg4 Qh6 $40 {[%mdl 128] Black is up to no good.} (31... Qxg4 $17 32. Bxg4 Ne5) 32. h3 $2 {[%mdl 8192] This move loses the game for White.} (32. Qh3 $15) 32... Nf4 $19 33. Rad1 Nxg2 34. Kxg2 {[#]} Qe3 $1 35. Bf5 {Threatening Qh5!} g6 36. Bb1 (36. Qe4 $142 gxf5 37. Qxe3 Bxe3 38. Kxg3) 36... Rf4 37. Rde1 Qd4 ({Not} 37... Rxg4 38. Rxe3 Rxc4 39. Re4 $15) (37... Bxe1 $142 38. Rxf4 Qd2+ {[%mdl 64] Double Attack} 39. Kf1 Qc1) 38. Qe6 $2 (38. Qd1 Bxe1 39. Qxd4+ Rxd4 40. Rxe1) 38... Bxe1 39. Qxe1 Qxb2+ 40. Kxg3 Rxf1 {[%mdl 64] Overworked Piece} 41. Qxf1 {KQR-KQB} Re8 42. Qd3 Qe5+ 43. Kg2 Qg5+ 44. Kh2 Qf4+ 45. Kg2 Re3 {Weighted Error Value: White=0.89/Black=0.27} 0-1

[Event "Chess Super League 2021"]
[Site "Online"]
[Date "2021.10.13"]
[Round "3.3"]
[White "Ding, Liren"]
[Black "Vidit, Santosh Gujrathi"]
[Result "0-1"]
[WhiteElo "2799"]
[BlackElo "2727"]
[Annotator "TA"]
[PlyCount "94"]
[EventDate "2021.10.11"]
[EventType "team-tourn"]
[EventCountry "NET"]
[SourceTitle "playchess.com"]
[Source "ChessBase"]
[SourceQuality "1"]

{[%evp 9,94,0,38,41,56,29,45,42,47,37,45,29,16,19,28,-5,24,24,12,8,22,2,27,31,27,32,47,31,60,30,39,8,18,0,0,0,0,-12,-14,-15,0,0,0,-15,-21,-13,-22,-77,-92,-97,-96,-87,-82,-174,-157,-207,-210,-214,-191,-191,-194,-203,-202,-327,-351,-339,-347,-310,-347,-334,-334,-380,-379,-394,-368,-372,-329,-371,-368,-368,-362,-391,-389,-406,-406,-398,-387]} 1. d4 Nf6 2. Bf4 d5 3. e3 c5 4. dxc5 Qa5+ 5. Nc3 Qxc5 6. Nb5 {aiming for Nc7+. D00: 1 d4 d5: Unusual lines.} Na6 7. c3 Bd7 8. a4 {White is slightly better.} e6 9. Nf3 Be7 {[#]} 10. Be2 $146 ({Predecessor:} 10. Bd3 O-O 11. O-O Qb6 12. b4 Rfc8 13. Be5 Qd8 14. Bd4 Ne4 15. Qb3 b6 16. a5 {1-0 (45) Moroni,L (2530)-Gracia Alvarez,G (2308) Chess.com INT 2020}) 10... O-O 11. O-O Qb6 12. Qd4 Bc5 13. Qd3 Rfc8 14. b4 Be7 15. Rfc1 Qd8 (15... Bxb5 $5 16. axb5 Nc7 $11) 16. Qd4 Qb6 17. Be5 Be8 18. h3 h6 19. Qxb6 axb6 20. Bd4 Nd7 21. Bd3 f6 22. e4 $1 {[%cal Re4d5] Threatens to win with exd5.} e5 23. Be3 f5 $36 {[%mdl 2048] Black has good play.} 24. exd5 e4 {[%mdl 64] Double Attack} 25. d6 Bf6 26. Be2 {And now Nfd4 would win.} exf3 27. Bxf3 Rab8 28. a5 (28. Rd1 $11 {remains equal.}) 28... bxa5 $17 {Black keeps a firm grip on the game.} 29. Rxa5 {[#]} Ne5 $1 {[%cal Re5f3]} 30. Bd5+ Bf7 31. Bxf7+ (31. Na7 $17 Rf8 32. Bxf7+ Rxf7 33. Rd5) 31... Kxf7 $19 32. d7 {[#]} Rd8 $1 33. Nd6+ Ke6 34. Nxb7 Rxb7 35. Rxa6+ Kf7 ({Don't take} 35... Kxd7 36. Bd4 $17) 36. c4 (36. Bd4 $142) 36... Rxb4 37. c5 Rxd7 38. c6 Rc7 39. Ra7 Bd8 40. Rca1 {If only White now had time for Bc5....} Ke6 41. Ra8 Nxc6 42. Rc1 {intending Rxd8!} Bf6 43. Ra6 Kd7 {Black is winning.} 44. Rd1+ Ke8 45. Rc1 Nb8 46. Re6+ Kd7 {Hoping for ...Rxc1+.} 47. Rxc7+ Kxe6 {Weighted Error Value: White=0.18/Black=0.06} 0-1

[Event "Chess Super League 2021"]
[Site "Online"]
[Date "2021.10.13"]
[Round "3.3"]
[White "Wang, Hao"]
[Black "Gupta, Abhijeet"]
[Result "1/2-1/2"]
[WhiteElo "2744"]
[BlackElo "2628"]
[Annotator "TA"]
[PlyCount "95"]
[EventDate "2021.10.11"]
[EventType "team-tourn"]
[EventCountry "NET"]
[SourceTitle "playchess.com"]
[Source "ChessBase"]
[SourceQuality "1"]

{[%evp 9,95,14,26,14,25,18,16,16,26,0,11,8,0,0,8,15,8,12,8,0,0,-29,25,43,45,40,60,2,47,46,50,52,46,60,103,54,58,50,97,10,15,12,8,15,14,6,6,0,107,104,124,56,133,60,47,43,150,140,137,0,31,0,0,0,0,0,0,0,0,0,0,0,-1,-11,0,0,0,0,0,0,0,0,0,0,0,0,0,0]} 1. e4 e5 2. Nf3 Nc6 3. Bb5 Nf6 4. d3 Bc5 5. Bxc6 dxc6 6. O-O {C65: Ruy Lopez: Berlin Defence (3...Nf6), unusual lines and 4 0-0 Bc5.} Qe7 7. Nbd2 Bg4 8. h3 Bh5 9. a3 Nd7 10. b4 Bd6 11. Nc4 O-O 12. g4 Bg6 13. Bd2 Rfe8 14. Kg2 Nf8 {[#]} 15. h4 $146 ({Predecessor:} 15. Rh1 Qd7 16. Nh4 b5 17. Nxd6 cxd6 18. Nf5 d5 19. a4 bxa4 20. Qe2 Ne6 21. Rxa4 {½-½ (31) Jensen,C (2377)-Botev,K (2374) ICCF email 2014}) 15... h5 (15... Qd7 $142 16. Ng1 f6) 16. Ng5 $11 hxg4 17. Qxg4 Qd7 18. Qg3 (18. f3 $14) 18... Ne6 19. Nf3 ({Don't go for} 19. Nxe5 $2 Bxe5 20. Qxe5 f6 $19) 19... Nf4+ 20. Bxf4 exf4 21. Qg5 Re6 22. Kh2 Be7 23. Qg4 b5 24. Ncd2 ({Better is} 24. Na5 $1 $16) 24... Rd6 25. Qxf4 Rf6 26. Qg3 Bh5 27. Rg1 $36 {[%csl Gg1][%cal Rg3g7][%mdl 2048] White is pushing.} Rg6 28. Qf4 Bd6 (28... a5 $1 $11) 29. e5 $16 Be7 30. Ne4 (30. Nd4 $1 $16) 30... a5 {[#]} ({Black should try} 30... Bxf3 $14 31. Qxf3 Rh6) 31. Rxg6 (31. Nd4 $1 $16 {[%mdl 512]}) 31... fxg6 $14 32. Nfg5 {And now Qf7+ would win.} Rf8 ({Black should play} 32... Qf5 $14 33. Qxf5 gxf5) 33. Qg3 $16 Bxg5 34. Qxg5 ({Don't play} 34. hxg5 $6 Rf3 $11) (34. Nxg5 $16 axb4 35. axb4) 34... Rf3 {White must now prevent ...Rh3+.} 35. Rh1 ({Don't blunder} 35. bxa5 $2 Rh3+ 36. Kg1 Bf3 $19) (35. e6 $5 Qxe6 36. Qd8+ Rf8 37. Qxc7 $11) 35... axb4 {The position is equal.} 36. axb4 Rf5 37. Qg3 {Threatens to win with f4.} Rf3 {[%cal Rf3g3]} 38. Qg5 Rf5 39. e6 Qxe6 40. Qd8+ Rf8 41. Qxc7 Rf3 {aiming for ...Rh3+.} 42. Qb8+ Rf8 43. Qg3 Qa2 44. c3 Rf3 45. Qb8+ Rf8 46. Qg3 Rf3 47. Qb8+ Rf8 48. Qg3 {Weighted Error Value: White=0.18/Black=0.16} 1/2-1/2

[Event "Chess Super League 2021"]
[Site "Online"]
[Date "2021.10.13"]
[Round "3.3"]
[White "Sadhwani, Raunak"]
[Black "Arjun Kalyan"]
[Result "1/2-1/2"]
[WhiteElo "2609"]
[BlackElo "2537"]
[Annotator "TA"]
[PlyCount "169"]
[EventDate "2021.10.11"]
[EventType "team-tourn"]
[EventCountry "NET"]
[SourceTitle "playchess.com"]
[Source "ChessBase"]
[SourceQuality "1"]

{[%evp 17,168,-5,0,-3,6,-14,-6,-35,-20,-29,-18,-28,0,-31,-14,-72,-90,-77,-5,-63,-65,-88,-86,-102,-91,-104,-103,-95,-93,-121,-71,-81,-50,-36,-26,-32,-23,-30,-31,-33,-37,-53,-39,-59,-55,-82,-28,-42,0,0,30,21,16,11,10,12,30,8,22,0,4,0,0,0,31,21,47,31,85,0,26,26,26,26,26,26,26,26,26,0,0,0,0,0,26,0,0,0,36,36,56,56,70,70,92,93,129,116,114,118,115,115,256,250,170,113,106,106,127,0,0,0,0,0,0,0,0,0,0,0,0,0,0,0,0,0,0,0,0,0,0,0,0,0,0,0,0,0,0,0,0,0,0,0,0,0,0,0,0,0,0,0,0]} 1. d4 Nf6 2. c4 e6 3. Nc3 Bb4 4. e3 O-O 5. Nf3 d5 6. Bd2 b6 7. cxd5 exd5 8. Bd3 Bb7 9. O-O Bd6 10. Rc1 {E52: Nimzo-Indian: Rubinstein: 4...0-0 5 Nf3 d5 6 Bd3 b6.} c5 {now supersedes 10...a6.} 11. dxc5 bxc5 {[#]} 12. Re1 $146 ({Predecessor:} 12. Ne2 Nbd7 13. Bc3 Qe7 14. Ng3 g6 15. Re1 Rfd8 16. Qa4 Ne4 17. Bxe4 dxe4 18. Nd2 Nb6 19. Qc2 Re8 20. Red1 Rad8 21. Ba5 Qe6 22. b3 h5 23. Nc4 {½-½ (23) Babula,V (2567)-Lutz,C (2591) Batumi 1999}) 12... Re8 13. Ne2 Nbd7 14. Ng3 Rc8 15. Qa4 Bc6 16. Bb5 (16. Qh4 $11) 16... Bxb5 $17 17. Qxb5 Qb6 (17... Rb8 $17 18. Qa4 Rxb2) 18. Qa4 (18. Qxb6 $11 axb6 19. Nf5) 18... c4 $15 ({Avoid the trap} 18... Qxb2 $2 19. Rb1 $18) 19. Qc2 Nc5 20. Rb1 Nd3 21. Re2 Bxg3 22. hxg3 Ne4 23. Bc3 Qa6 24. Ne1 Rb8 25. Rd1 {[%cal Re1d3]} Nxe1 26. Rexe1 Qxa2 27. Bd4 Qb3 28. Qe2 Qb7 29. Qg4 {[%csl Gd4][%cal Rg4g7]} f6 30. Ra1 a6 31. Ra5 Rbd8 (31... Qb4 $17 32. Raa1 Rbd8) 32. Rea1 Qd7 33. Qe2 Ra8 34. Qh5 Red8 35. Rxa6 Rxa6 36. Rxa6 Qf7 37. Qf5 Nd6 38. Qf4 (38. Qh3 {looks sharper.} Qe8 39. Bb6 Rc8 40. Ra7 Rb8 41. Bc5) 38... Nb5 39. Rb6 Nxd4 40. Qxd4 $11 {[%mdl 4096] Endgame KQR-KQR} h5 41. Rb5 Qd7 42. Rc5 Qf5 {[#]} (42... Kf8 $14) 43. f3 ({White should try} 43. Rxc4 $1 $16 dxc4 44. Qxd8+ Kh7 45. Qd4) 43... Qd3 (43... Qe5 {is more complex.} 44. Rxc4 Qxg3 45. Kf1 dxc4 46. Qxd8+ Kh7) 44. Qxd3 cxd3 {KR-KR} 45. Rc3 Rb8 {Black wants to play ...d2.} 46. Rxd3 Rb5 47. Rd2 Kf7 48. Kf2 Ke6 49. Ke1 Rb3 50. Re2 Rd3 51. Rd2 Rb3 52. Kd1 g6 53. Re2 Kd6 54. Kc2 Rb4 55. b3 {[%cal Bb2b3,Bb3b4,Bb4b5][%mdl 32]} Rb6 56. Rd2 Kc5 57. Kc3 Ra6 58. b4+ Kc6 59. Rc2 Kd6 (59... Rb6 $16 60. Ra2 Kd7 61. Ra7+ Ke6) 60. b5 $18 Ra3+ 61. Kd4 (61. Kb4 $18 Rxe3 62. Rc6+ Ke7 63. Rc7+ (63. b6 Re2 $16) 63... Kd8 64. Rc6) 61... Ra4+ $16 62. Kd3 Ra3+ 63. Rc3 ({White should play} 63. Ke2 $16) 63... Rxc3+ $11 {The position is equal.} 64. Kxc3 {KP-KP} Kc5 65. e4 dxe4 66. fxe4 Kxb5 {K3P-K3P} 67. Kd4 {aiming for Kd5.} Kc6 68. e5 Kd7 (68... fxe5+ 69. Kxe5 g5 70. Kf6 g4 71. Kg5 Kd6 72. Kxh5 Kd5 73. Kxg4) 69. Kd5 (69. exf6 {seems wilder.} Ke6 70. Ke4 Kxf6 71. Kf4 g5+ 72. Kf3) 69... fxe5 70. Kxe5 {KPP-KPP} Ke7 $1 71. g4 hxg4 {KPP-KP} 72. Kf4 Kf6 73. Kxg4 {KP-KP} Kf7 74. Kg5 Kg7 75. g4 (75. Kh4 {keeps more tension.} Kf7 76. Kg5) 75... Kf7 76. Kf4 $1 g5+ 77. Kxg5 {White threatens Kh6 and mate. KP-K} Kg7 78. Kf5 Kf7 79. g5 Kg7 80. g6 Kg8 81. Kg5 Kg7 82. Kf5 Kg8 83. Kf6 {White wants to mate with g7.} Kf8 84. g7+ Kg8 85. Kg6 {Weighted Error Value: White=0.14/Black=0.17} 1/2-1/2